Регионална библиотека "Любен Каравелов" - Русе

Увод в историческото познание (Запис номер 15055)

MARC детайли
000 -Лидер
Контролно поле с фиксирана дължина 01382nam a2200337 c 4500
003 - Код на организацията, давaща контролен номер
Контролно поле BLK
005 - Дата и час на последна редакция
Контролно поле 20241029135743.0
008 - Елементи от данни с фиксирана дължина
fixed length control field 180413b bul|||||r ||||||| ||bul||
010 ## - Наследен системен номер
LC control number KNG00016803000
020 ## - Международен стандартен номер на книга ISBN
Международен стандартен номер на книга ISBN 954-9536-01-7
-- издат.: Books
040 ## - Източник на каталожния запис
Идентификатор на билиотеката - собственик на записа BLK
041 ## - Код за език
Код за езика на текст/звукозапис или на отделно заглавие Български
Код за езика КДБФ Български
080 ## - УДК
Текстов определител УДК Теория и философия на историята. Морфология на историята
УДК код - определител по УДК 930.1
УДК определител
УДК - код + определител 930.1
080 ## - УДК
Текстов определител УДК Методи за изучаване на историята. Методология на историята
УДК код - определител по УДК 930.2
УДК определител
УДК - код + определител 930.2
100 ## - Редна дума - Автор
Автор Стоянов, Желязко Димитров
Дати, свързани с автора 1941 -
Автор - информация (биография) Философ
R(LIN) 377838
139 ## - Редно поле
Редна дума Стоянов, Желязко Димитров
Авторски знак Стоя - С 83
245 10 - Сведения за заглавието
Заглавие Увод в историческото познание
Редно поле (дума) Желязко Димитров Стоянов.
257 ## - Страна на издаване
Страна на създаване/издаване България
260 ## - Област на издателските данни
-- София
Име на издателя, разпространителя и проч. Books
Година на издаване 1996
300 ## - Физическа характеристика
Страници 166 с.
Размери/Мащаб 24 см
380 ## - Жанр
Жанр История
500 ## - Общи забележки
Забележка 1 500 тир.
650 #4 - Допълнително описание по предмет – тема
Основно описание – тема или топоним История - теория и философия
9 (RLIN) 242501
650 #4 - Допълнително описание по предмет – тема
Основно описание – тема или топоним Историография - социално-философски проблеми
9 (RLIN) 245696
852 ## - Местоположение
Форматна сигнатура Цб 192190
856 4# - Електронен адрес и достъп
Електронен формат pdf - файл
Път до файла /url/
856 4# - Електронен адрес и достъп
Електронен формат pdf - файл
Път до файла /url/
942 ## - АРТИКУЛИ
Вид на библиотечния материал Книги
Скрит в OPAC Не
Koha issues (borrowed), all copies 1
944 ## - СЪЗДАВАНЕ И РЕДАКЦИЯ на ЗАПИСА
Създаване/Редакция Създаване
Дата на регистрацията/редакция 15.01.2003
Служител, извършил регистрацията/редакцията 30560
Статус, дата на статуса Геновева Генчева
944 ## - СЪЗДАВАНЕ И РЕДАКЦИЯ на ЗАПИСА
Създаване/Редакция Редакция
Дата на регистрацията/редакция 21.09.2012
Служител, извършил регистрацията/редакцията
999 ## - СИСТЕМНИ КОНТРОЛНИ НОМЕРА
Koha biblionumber 15055
Koha biblioitemnumber 15055
Наличности
Код за отписване Код за изгубен артикул Източник на класификационната схема Код за повреда Коз за рестрикции Код за отдаване Артикулен № Име на библиотеката - собственик Име на библиотеката, в която се намира в момента Статус (Текущо местоположение) Дата на вписване в системата Местоположение - отдел Цена в лева Инвентарен номер Систематично азбучна сигнатура Баркод Номер на екземпляра Цена в евро Служебен тип на артикула Служебна бележка
  Не е изгубен Universal Decimal Classification Не е повреден без рестрикции ползва се в читалня 25640 Регионална библиотека "Любен Каравелов" Русе Регионална библиотека "Любен Каравелов" Русе Хранилище 2001-01-01 Хранилище 0.00 631032 Цб 192190 120000631032 1 0.00 Книги  
Изтеглен Не е изгубен Universal Decimal Classification Не е повреден без рестрикции заемане за дома 25641 Регионална библиотека "Любен Каравелов" Русе Регионална библиотека "Любен Каравелов" Русе Заемна - подръчен фонд 2001-01-01 Заемна - подръчен фонд 4.40 642091 П 930/С 83 642091 2 2.25 Книги Дата инв: 07.02.2018 Бележки инв: П2018
Vip Innovations Ltd, Rousse, Bulgaria 2025